[Event "IRL-ch 100th First Week"]
[Site "Dublin"]
[Date "2021.07.24"]
[Round "2"]
[White "O'Connell, Charlie"]
[Black "Scarry, James"]
[Result "0-1"]
[WhiteElo "967"]
[BlackElo "804"]
[PlyCount "70"]
[EventDate "2021.07.23"]
[EventType "swiss"]
[EventRounds "5"]
[EventCountry "IRL"]
[SourceTitle "EXT 2022"]
[Source "ChessBase"]
[SourceDate "2021.10.06"]
[SourceVersion "1"]
[SourceVersionDate "2021.10.06"]
[SourceQuality "1"]

1. e4 c5 2. Nf3 d6 3. d4 cxd4 4. Nxd4 Nf6 5. Nc3 g6 6. Be3 Bg7 7. Be2 Nc6 8. Qd2 0-0 9. 0-0-0 Ng4 10. Bxg4 Bxg4 11. f3 Be6 12. h4 Ne5 13. Nxe6 fxe6 14. h5 Qa5 15. Kb1 Nc4 16. Qd3 Nxb2 17. Kxb2 Qb4+ 18. Kc1 Bxc3 19. Rdg1 Rac8 20. hxg6 Qb2+ 21. Kd1 Bg7 22. Rxh7 Qf6 23. Rgh1 Qxg6 24. R1h5 Qxh7 25. Rxh7 Kxh7 26. e5+ Kh8 27. exd6 Rcd8 28. d7 Rf5 29. c4 b5 30. Bxa7 bxc4 31. Qe3 Rxd7+ 32. Kc2 Rfd5 33. Qxe6 Rd2+ 34. Kb1 Rd1+ 35. Kc2 R7d2# 0-1

[Event "IRL-ch 100th First Week"]
[Site "Dublin"]
[Date "2021.07.23"]
[Round "1"]
[White "Scarry, James"]
[Black "Ryan, Joshua"]
[Result "1/2-1/2"]
[WhiteElo "804"]
[BlackElo "700"]
[PlyCount "61"]
[EventDate "2021.07.23"]
[EventType "swiss"]
[EventRounds "5"]
[EventCountry "IRL"]
[SourceTitle "EXT 2022"]
[Source "ChessBase"]
[SourceDate "2021.10.06"]
[SourceVersion "1"]
[SourceVersionDate "2021.10.06"]
[SourceQuality "1"]

1. e4 e5 2. f4 exf4 3. Nf3 Nf6 4. e5 Nh5 5. Be2 d6 6. 0-0 Nc6 7. Ne1 Ng3 8. hxg3 fxg3 9. Nf3 Nxe5 10. Nxe5 dxe5 11. Bb5+ c6 12. Qf3 Bc5+ 13. d4 Bxd4+ 14. Be3 Qh4 15. Bxc6+ bxc6 16. Qxc6+ Bd7 17. Qxa8+ Ke7 18. Rxf7+ Kxf7 19. Qd5+ Kg6 20. Bxd4 Qh2+ 21. Kf1 Rf8+ 22. Ke1 Qh1+ 23. Kd2 Qh6+ 24. Be3 Rf2+ 25. Kd3 Bf5+ 26. Kc4 Rxc2+ 27. Nc3 Qxe3 28. Qd6+ Kg5 29. Qe7+ Kg6 30. Qe8+ Kf6 31. Qf8+ 1/2-1/2